00538nam a22001817a 4500003000400000005001700004008004100021020001800062040001000080082001700090100002400107245004100131250003900172260004400211300005200255500002000307650002900327OSt20150408114216.0140511s2014 nyu f a 001 0 eng d a9781259060823 aMa-Un00222a611bSKH1 aSaladin, Kenneth S.10aHuman anatomy /cKenneth S. Saladin. a4th international student edition. aNew York :bMcGraw-Hill,c2014m[1435]. axix, 736, [51] p. :bill. (some col.) ;c28 cm. aIncludes index. aHuman anatomyvTextbooks